Ивушка неплакучая: роман

Bibliografiske detaljer
Hovedforfatter: Алексеев М. Н. Михаил Николаевич
Andre forfattere: Мингазитинов Ю. (художник)
Summary:Исключено из фонда НТБ ТПУ
Sprog:russisk
Udgivet: Москва, Художественная литература, 1983
Format: MixedMaterials Bog
KOHA link:https://koha.lib.tpu.ru/cgi-bin/koha/opac-detail.pl?biblionumber=288816

MARC

LEADER 00000nam0a2200000 4500
001 288816
005 20231102000127.0
035 |a (RuTPU)RU\TPU\book\313320 
035 |a RU\TPU\book\142711 
090 |a 288816 
100 |a 20150328d1983 m y0rusy5003 ca 
101 0 |a rus 
102 |a RU 
105 |a a z 000ay 
200 1 |a Ивушка неплакучая  |e роман  |f М. Н. Алексеев  |g Ю. Мингазитинов 
210 |a Москва  |c Художественная литература  |d 1983 
215 |a 423 с.  |d 21 см 
333 |a Исключено из фонда НТБ ТПУ 
675 |a Р2  |z rus 
700 1 |a Алексеев  |b М. Н.  |c русский писатель  |f 1918-  |g Михаил Николаевич  |2 stltpush  |3 (RuTPU)RU\TPU\pers\8206  |4 070  |9 1603 
702 1 |a Мингазитинов  |b Ю.  |4 040 
801 0 |a RU  |b 63413507  |c 19950704  |g psbo 
801 1 |a RU  |b 63413507  |c 20080221  |g PSBO 
801 2 |a RU  |b 63413507  |c 20221122  |g PSBO 
942 |c BK